000 01190naa a22003137a 4500
001 BR8002743
003 BR-BrBNA
005 20240918174556.0
007 ta
008 230509b bl.||||| |||| 00| 0 por d
040 _aBR-BrBNA
_bpor
_cBiblioteca Nacional de Agricultura
041 _a(En)
072 _aP05; E70
_b/G514
090 _aP05 BR8002743
100 1 _aSouza, J.A.L. de
111 1 _a4. International Symposium on Alcohol Fuels Technology
_cGuaruja, SP (Brazil)
_d5 Oct 1980
245 1 _aOil refining flexibility and alternative fuels [Oleo diesel; Refinaria; Mercado; Demanda; Brasil]
260 3 _aSao Paulo, SP (Brasil):
_c1980.
500 _aProceedings of the 4. International Symposium on Alcohol Fuels Technology Sao Paulo, SP (Brasil): 1980. v. 3 p. 965-979 (BR8002743-AM)P05
650 _aRecurso energetico
650 _aComercializacao
650 _aOleo diesel
650 _aRefinaria
650 _aMercado
650 _aConsumo
773 0 _tProceedings of the 4. International Symposium on Alcohol Fuels Technology
_wP05 BR8002743
_gSao Paulo, SP (Brasil), 1980. v. 3 p. 965-979
909 _a202404
_bLucia
_c55
_dLucia Elande
942 _cAM
_2AGRIS
999 _c312109
_d312109